000 00723nam a2200253 a 4500
001 BRL_91
005 20190320210602.0
008 810717s1951 mx-#######---#000-0#spa-#
040 _aDLC
_cICD
_dDLC
041 _aspa
044 _amx
050 4 _aN6553
_b.E53 11 1951
100 1 _aNelken, Margarita
_922877
245 1 0 _aEscultura mexicana contemporánea
_cMargarita Nelken.
260 _aMéxico
_bEdiciones Mexicanas
_c1951
300 _a39 p.
_bil.
_c24 cm.
440 0 _aEnciclopedia mexicana de arte
_v11
_922878
500 _aCon ilustraciones al final, [36] p.
500 _aAu141
650 1 4 _aArte
_zMéxico
_922879
650 1 4 _aEscultura contemporánea
_zMéxico
_922880
902 _aGRL
942 _2lcc
_cB
999 _c8904
_d8904